| 000 | 00995nam a22002537a 4500 | ||
|---|---|---|---|
| 003 | OSt | ||
| 005 | 20220620040355.0 | ||
| 008 | |||
| 010 | _a 2007038983 | ||
| 020 | _a9781576754863 (hbk. : alk. paper) | ||
| 020 | _a1576754863 (hbk. : alk. paper) | ||
| 040 |
_aMMU _cMMU _dMMU _beng |
||
| 050 | 0 | 0 | _aHD60 .E67 2008 |
| 100 | 1 | _aEpstein, Marc J. | |
| 245 | 1 | 0 |
_aMaking sustainability work : _bbest practices in managing and measuring corporate social, environmental and economic impacts / _cMarc J. Epstein ; with forewords by John Elkington and Herman B. "Dutch" Leonard. |
| 250 | _a1st ed. | ||
| 260 |
_aSheffield, UK : Greenleaf Pub. ; _aSan Francisco : _bBerrett-Koehler Publishers, _c2008. |
||
| 300 |
_a288 p. : _bill. ; _c25 cm. |
||
| 500 | _aIncludes bibliographical references (p. [270]-281) and index. | ||
| 650 | 0 | _aSocial responsibility of business. | |
| 650 | 0 |
_aCorporations _xEnvironmental aspects. |
|
| 650 | 0 |
_aIndustries _xEnvironmental aspects. |
|
| 942 |
_2lcc _cLOAN LOAN |
||
| 999 |
_c19334 _d19334 |
||